000 00595nam a2200205Ia 4500
003 IN-BaIIA
008 211028s9999 xx 000 0 eng d
020 _a0-470-74390-5
040 _cIIA Library
080 _a042.53
_bBRA-9
245 0 _aPhysical sciences
_bvol. 9
_cedited by Sir W. L. Bragg and George Porter
260 _aLondon
_bElsevier
_c1970
300 _a550p.
490 _aThe Royal institution library of science Series
650 _aChemistry
650 _aPhysics
_973
700 _aBragg, William Lawrence., ed.
_96535
700 _aPorter, George., ed.
_96536
942 _cBK
999 _c3682
_d3682